Rompakan kedai emas

Bibliographic Details
Format: Book
Published: Kuala Lumpur : Gema Insan , 2002
Series:Kisah dan tauladan
Subjects:

MARC

LEADER 00000cam a2200000 7i4500
001 0000000348
005 20220105103909.0
008 290627
020 |a 983570063X 
090 0 0 |a JP   |b PR MAL (293) 
245 0 0 |a Rompakan kedai emas   |c Penyusun Suhaimi 
260 |a Kuala Lumpur :   |b Gema Insan ,   |c 2002 
440 |a Kisah dan tauladan 
500 |a Children age 4-6 years old (yellow) 
650 0 |a Malay fiction 
999 |a 0000766931   |b Book   |c Children Collection   |e Cawangan Bandar Penawar 
999 |a 0000766933   |b Book   |c Children Collection   |e Cawangan Bandar Penawar 
999 |a 0000773063   |b Book   |c Children Collection   |e Cawangan Pontian 
999 |a 0000773064   |b Book   |c Children Collection   |e Cawangan Pontian 
999 |a 0000773066   |b Book   |c Children Collection   |e Cawangan Pontian 
999 |a 0000786583   |b Book   |c Children Collection   |e Cawangan Segamat 
999 |a 0000786584   |b Book   |c Children Collection   |e Cawangan Segamat 
999 |a 0000900840   |b Book   |c Children Collection   |e Cawangan Pontian 
999 |a 0000900841   |b Book   |c Children Collection   |e Cawangan Pontian 
999 |a 0000900844   |b Book   |c Children Collection   |e Cawangan Tmn. Ungku Tun Aminah 
999 |a 0000960634   |b Book   |c Children Collection   |e Cawangan Tangkak 
999 |a 0000960635   |b Book   |c Children Collection   |e Perbadanan Perpustakaan Awam Johor 
999 |a 0000960636   |b Book   |c Children Collection   |e Perbadanan Perpustakaan Awam Johor 
999 |a 0000960637   |b Book   |c Children Collection   |e Perbadanan Perpustakaan Awam Johor 
999 |a 0000976293   |b Book   |c Children Collection   |e Cawangan Segamat 
999 |a 0000989968   |b Book   |c Children Collection   |e Cawangan Muar 
999 |a 0000989969   |b Book   |c Children Collection   |e Cawangan Pontian 
999 |a 0001164674   |b Book   |c Children Collection   |e Cawangan Bukit Gambir 
999 |a 0001164677   |b Book   |c Children Collection   |e Cawangan Taman Universiti 
999 |a 0001164680   |b Book   |c Children Collection   |e Cawangan Bandar Penawar 
999 |a 0001164682   |b Book   |c Children Collection   |e Cawangan Segamat 
999 |a 0001164685   |b Book   |c Children Collection   |e Cawangan Pontian 
999 |a 0001164686   |b Book   |c Children Collection   |e Cawangan Taman Sri Lambak 
999 |a 0001164687   |b Book   |c Children Collection   |e Cawangan Tmn. Ungku Tun Aminah